Online
Catalog

La décima oral en el folklore lírico dominicano / (Record no. 60780)

MARC details
000 -CABECERA
campo de control de longitud fija 02388nam a2200349 i 4500
003 - IDENTIFICADOR DEL NÚMERO DE CONTROL
campo de control AGN
005 - FECHA Y HORA DE LA ÚLTIMA TRANSACCIÓN
campo de control 20260519120615.0
007 - CAMPO FIJO DE DESCRIPCIÓN FÍSICA--INFORMACIÓN GENERAL
campo de control de longitud fija ta
008 - DATOS DE LONGITUD FIJA--INFORMACIÓN GENERAL
campo de control de longitud fija 260519e2025 dr ||||gro||||||| |bspa ||spa|
020 ## - NÚMERO INTERNACIONAL ESTÁNDAR DEL LIBRO
Número Internacional Estándar del Libro 9789945251562
040 ## - FUENTE DE LA CATALOGACIÓN
Centro catalogador/agencia de origen AGN
Lengua de catalogación spa
Centro/agencia transcriptor DO-SdBNP
Normas de descripción rda
Centro/agencia modificador BNPHU
041 ## - CÓDIGO DE LENGUA
Código de lengua del texto/banda sonora o título independiente spa
082 ## - NÚMERO DE LA CLASIFICACIÓN DECIMAL DEWEY
Número de clasificación RD 861.5
Número de edición D294o 2025
Número de documento/Ítem 22
245 ## - MENCIÓN DE TÍTULO
Título La décima oral en el folklore lírico dominicano /
Mención de responsabilidad, etc. coordinadora y compiladora Emelda Ramos. [y otros cuatro].
264 ## - PRODUCCIÓN, PUBLICACIÓN, DISTRIBUCIÓN, FABRICACIÓN Y COPYRIGHT
Producción, publicación, distribución, fabricación y copyright Santo Domingo, República Dominicana :
Nombre del de productor, editor, distribuidor, fabricante Archivo General de la Nación,
Fecha de producción, publicación, distribución, fabricación o copyright 2025.
300 ## - DESCRIPCIÓN FÍSICA
Extensión 172 páginas ;
Dimensiones 23 x 15 cm.
336 ## - TIPO DE CONTENIDO
Término de tipo de contenido texto
Código de tipo de contenido txt
Fuente rdacontent
337 ## - TIPO DE MEDIO
Nombre/término del tipo de medio sin mediación
Código del tipo de medio n
Fuente rdamedia
338 ## - TIPO DE SOPORTE
Nombre/término del tipo de soporte volumen
Código del tipo de soporte nc
Fuente rdacarrier
490 0# - MENCIÓN DE SERIE
Mención de serie Archivo General de la Nación ;
Designación de volumen o secuencia volumen 562
500 ## - NOTA GENERAL
Nota general Incluye una pequeña biografía de la autora en la solapa.
505 0# - NOTA DE CONTENIDO CON FORMATO
Nota de contenido con formato La décima oral en el folklore lírico dominicano, Emelda Ramos 11-- Bibliografía 17 -- Décimas encontradas y sus Decimadores 21.<br/><br/>
520 ## - SUMARIO, ETC.
Sumario, etc. La décima oral es una forma de expresión cultural y literaria que ha perdurado a lo largo de la historia del folklore dominicano. Esta forma de poesía, que consiste en diez versos octosílabos con rima consonante, ha sido utilizada por los dominicanos para expresar sentimientos, reflexiones y experiencias de vida. La décima oral es considerada una parte valiosa del patrimonio cultural intangible del pueblo dominicano, y su transmisión de generación en generación es crucial para la preservación de su identidad cultural. Sin embargo, la décima oral enfrenta la amenaza de extinción, ya que muchos de los cantadores ancestrales han perdido su habilidad para recitarla. La obra de Emelda Ramos, "La décima oral, en el folklor lírico dominicano", es un esfuerzo intelectual y cultural para preservar y promover esta forma de poesía en la actualidad.
590 ## - NOTA LOCAL (RLIN)
Nota local Inventariado, 2026/WG.
650 ## - PUNTO DE ACCESO ADICIONAL DE MATERIA--TÉRMINO DE MATERIA
9 (RLIN) 69458
Término de materia o nombre geográfico como elemento de entrada Literatura dominicana
Subdivisión general Décimas
650 ## - PUNTO DE ACCESO ADICIONAL DE MATERIA--TÉRMINO DE MATERIA
Término de materia o nombre geográfico como elemento de entrada Folklore dominicano
9 (RLIN) 89657
700 1# - PUNTO DE ACCESO ADICIONAL--NOMBRE DE PERSONA
Nombre de persona Ramos, Emelda,
Fechas asociadas al nombre 1948-
9 (RLIN) 3522
Término indicativo de función/relación coordinadora
-- compiladora
-- cuidado de la edición
700 1# - PUNTO DE ACCESO ADICIONAL--NOMBRE DE PERSONA
Fechas asociadas al nombre Fernández Vásquez, Yahaira
Término indicativo de función/relación diagramación
-- diseño de portada
-- ilustración
9 (RLIN) 99113
700 1# - PUNTO DE ACCESO ADICIONAL--NOMBRE DE PERSONA
Fechas asociadas al nombre Capellán Ferreira, William
Término indicativo de función/relación corrección de estilo
9 (RLIN) 99322
710 ## - PUNTO DE ACCESO ADICIONAL--NOMBRE DE ENTIDAD CORPORATIVA
Nombre de entidad corporativa o nombre de jurisdicción como elemento de entrada Área de Publicaciones
Término indicativo de función/relación cuidado de la edición
9 (RLIN) 89658
942 ## - ELEMENTOS DE PUNTO DE ACCESO ADICIONAL (KOHA)
Fuente del sistema de clasificación o colocación Dewey Decimal Classification
Tipo de ítem Koha Libro
Holdings
Estado de retiro Estado de pérdida Fuente del sistema de clasificación o colocación Restricciones de uso No para préstamo Código de colección Localización permanente Ubicación/localización actual Ubicación en estantería Fecha de adquisición Total de préstamos Signatura topográfica completa Código de barras Fecha visto por última vez Precio válido a partir de Tipo de ítem Koha Número de copia
    Dewey Decimal Classification Excluido de préstamo   Patrimonio Dominicano Biblioteca Nacional Pedro Henríquez Ureña Biblioteca Nacional Pedro Henríquez Ureña En catalogación 19.05.2026   RD 861.5 D294o 2025 2026-4314 19.05.2026 19.05.2026 Libro  
    Dewey Decimal Classification Excluido de préstamo   Patrimonio Dominicano Biblioteca Nacional Pedro Henríquez Ureña Biblioteca Nacional Pedro Henríquez Ureña En catalogación 19.05.2026   RD 861.5 D294o 2025 2026-4315 19.05.2026 19.05.2026 Libro e.2
    Dewey Decimal Classification Excluido de préstamo   Patrimonio Dominicano Biblioteca Nacional Pedro Henríquez Ureña Biblioteca Nacional Pedro Henríquez Ureña En catalogación 19.05.2026   RD 861.5 D294o 2025 2026-4316 19.05.2026 19.05.2026 Libro e.3

Powered by Koha